00646cam a22002177a 4500003000500000005001700005008004100022010001000063011001000073035001000083040000900093082002200102100002300124245007600147250001000223260006100233300001700294500007700311650002000388700002000408CHAP20220329142429.0971013s1998 mx a r 00010 spa d a83339 a84311 a94831 cCHAP a621.436bM3Y 199800aThiessen, Frank J. 0aManual de mecánica dieselc/por Frank J. Thiessen and Davis N. Dales. a3 ed. aMéxico, D.F. :bPrentice-Hall Hispanoamericana,c1998. a3 v.b: ilus aTrad. de Diesel fundamentals : principles and service de la 3ed. de 199814aMotores diesel.0 aDales, Davis N.